|
|
|
|
| LEADER |
00000cam a2200000 7i4500 |
| 001 |
0000318445 |
| 005 |
20250224120210.0 |
| 006 |
a ###e ### 000 1 |
| 007 |
t |
| 008 |
240502t20242024enk e 000 1eng d |
| 020 |
|
|
|a 9780008470036
|
| 040 |
|
|
|a MBPJ
|b eng
|c MBPJ
|e rda
|
| 090 |
0 |
0 |
|a F
|b RUT
|
| 100 |
1 |
|
|a Rutter, Bethany ,
|e author
|
| 245 |
1 |
0 |
|a BIG Date ENERGY
|c BETHANY RUTTER
|
| 264 |
|
1 |
|a London :
|b HarperCollinsPublishers Ltd
|c 2024
|
| 264 |
|
4 |
|c ©2024
|
| 300 |
|
|
|a 377 pages ;
|c 20 cm.
|
| 336 |
|
|
|a text
|2 rdacontent
|
| 337 |
|
|
|a unmediated
|2 rdamedia
|
| 338 |
|
|
|a volume
|2 rdacarrier
|
| 650 |
|
0 |
|a Fiction
|
| 999 |
|
|
|a 00415608
|b BUKU
|c PINJAMAN
|e PERPUSTAKAAN KOMUNITI PETALING JAYA
|